Manual del facilitador rural: (Registro nro. 20130)

Detalles MARC
000 -CABECERA
Campo de control 01023nam a22002897a 4500
005 - FECHA Y HORA DE LA ULTIMA TRANSACCION
Campo de control 20180323104047.0
008 - ELEMENTOS DE LONGITUD FIJA—INFORMACION GENERAL
Campo de control 180323b ck ||||| |||| 00| 0 spa d
020 ## - ISBN
ISBN 978-958-99921-4-2
040 ## - FUENTE DE CATALOGACIÓN
Agencia catalogadora original CO-BoIAVH
Agencia transcriptora CO-BoIAVH
041 ## - IDIOMA
Código de idioma para texto/pista de sonido o título separado Español
044 ## - PAÍS DE PUBLICACIÓN
País de publicación Colombia
090 ## - CLASIFICACIÓN LOCAL
Colección FG-
Consecutivo 0272
245 ## - MENCION DE TITULO
Título Manual del facilitador rural:
Parte restante del título Métodos y herramientas para ayudar a grupos campesinos a conseguir sus metas
250 ## - MENCION DE EDICION
Mención de edición Segunda edición
260 ## - PUBLICACION, DISTRIBUCION, ETC. (PIE DE IMPRENTA)
Lugar de publicación, distribución, etc. Bogotá:
Nombre del editor, distribuidor, etc. Corporación PBA,
Fecha de publicación, distribución, etc. 2011.
300 ## - DESCRIPCION FISICA
Extensión 72 páginas,
505 ## - NOTA DE CONTENIDO
Nota de contenido El acompañamiento a los procesos de desarrollo de las comunidades rurales: la estrategia de innovación rural participativa
505 ## - NOTA DE CONTENIDO
Nota de contenido Marco pedagógico
505 ## - NOTA DE CONTENIDO
Nota de contenido Autoayuda y asistencialismo
505 ## - NOTA DE CONTENIDO
Nota de contenido La comunicación
505 ## - NOTA DE CONTENIDO
Nota de contenido La moderación
505 ## - NOTA DE CONTENIDO
Nota de contenido Caja de herramientas
505 ## - NOTA DE CONTENIDO
Nota de contenido Técnicas y dinámicas de grupo
505 ## - NOTA DE CONTENIDO
Nota de contenido Sistematización y construcción colectiva de saberes
505 ## - NOTA DE CONTENIDO
Nota de contenido Cómo hacer buenos talleres
942 ## - ELEMENTOS ADICIONALES (KOHA)
Sistema de clasificación Local
Tipo de ítem Folleto
Existencias
Withdrawn status Lost status Sistema de Clasificación Damaged status No para préstamo Colección Ubicación Permanente Ubicación actual Fecha de adquisición Total Checkouts Número topográfico Inventario / Código de Barras Date last seen Ejemplar Price effective from Forma de adquisición Tipo de material
    Local     Hemeroteca Bogotá Bogotá 23/03/2018   FG-0275 043534 23/03/2018 Ej. 1 23/03/2018 Donación Folleto